Triciclo : (Record no. 1095)

MARC details
000 -LEADER
campo de control de longitud fija 00541nam a22001697a 4500
008 - DATOS DE LONGITUD FIJA--INFORMACIÓN GENERAL
campo de control de longitud fija 161126s2009 gt||||| |||| 00| 0 spa d
082 04 - NÚMERO DE LA CLASIFICACIÓN DECIMAL DEWEY
Número de clasificación 863
Número de ítem C157t
100 1# - ENTRADA PRINCIPAL--NOMBRE DE PERSONA
Nombre de persona Calles, Juan.
9 (RLIN) 5630
245 10 - MENCIÓN DEL TÍTULO
Título Triciclo :
Resto del título cuentos cortos /
Mención de responsabilidad, etc. Juan Calles.
250 ## - MENCION DE EDICION
Mención de edición 1a ed.
260 ## - PUBLICACIÓN, DISTRIBUCIÓN, ETC.
Lugar de publicación, distribución, etc. Guatemala :
Nombre del editor, distribuidor, etc. Ediciones Bizarras,
Fecha de publicación, distribución, etc. 2009.
300 ## - DESCRIPCIÓN FÍSICA
Extensión 60 p.
500 ## - NOTA GENERAL
Nota general Imagen de portada por Carlos Chiroy e ilustraciones por Alejandra Medina.
653 10 - TÉRMINO DE INDIZACIÓN--NO CONTROLADO
Término no controlado Literatura Latinoamericana
653 10 - TÉRMINO DE INDIZACIÓN--NO CONTROLADO
Término no controlado Cuentos - Guatemala
653 10 - TÉRMINO DE INDIZACIÓN--NO CONTROLADO
Término no controlado Literatura - Guatemala
Holdings
Estatus retirado Estado de pérdida Fuente del sistema de clasificación o colocación Estado de daño No para préstamo Biblioteca de origen Biblioteca actual Ubicación en estantería Fecha de adquisición Total de préstamos Signatura topográfica completa Código de barras Visto por última vez Precio de reemplazo Tipo de ítem Koha
    Clasificación Decimal Dewey     Biblioteca LadoV Biblioteca LadoV   26/11/2016   863 C157t 004274 26/11/2016 26/11/2016 Material 01